000 00260nam a2200109Ia 4500
008 220204s9999 xx 000 0 und d
082 _a82-3
_bHIG
100 _aHiggins, Jack
245 0 _aHell is too crowded
260 _aGreenwich
_bFawcett
_c1962
942 _cBK
999 _c33437
_d33437